Mikaël, un enfant en analyse Danièle Brun. Paris, Calmann-Lévy, 250 p., 1997. (notice n° 2225337)
[ vue normale ]
| 000 -LEADER | |
|---|---|
| fixed length control field | 01579cam a2200169 4500500 |
| 005 - DATE AND TIME OF LATEST TRANSACTION | |
| control field | 20260426015946.0 |
| 041 ## - LANGUAGE CODE | |
| Language code of text/sound track or separate title | fre |
| 042 ## - AUTHENTICATION CODE | |
| Authentication code | dc |
| 100 10 - MAIN ENTRY--PERSONAL NAME | |
| Personal name | Natanson, Madeleine |
| Relator term | author |
| 245 00 - TITLE STATEMENT | |
| Title | Mikaël, un enfant en analyse Danièle Brun. Paris, Calmann-Lévy, 250 p., 1997. |
| 260 ## - PUBLICATION, DISTRIBUTION, ETC. | |
| Date of publication, distribution, etc. | 2003.<br/> |
| 500 ## - GENERAL NOTE | |
| General note | 99 |
| 520 ## - SUMMARY, ETC. | |
| Summary, etc. | L’auteur aborde, à travers la théorie de l’incestuel de Racamier et quelques cas cliniques, le décryptage de l’enfant qui dort avec ses parents. Elle utilise deux nouveaux concepts tels que le lit-litige (quand les parents sont opposés au partage du lit et souhaitent que cela cesse) et le lit-cage (les parents s’en accommodent et sont même complaisants. Le partage du lit avec leur enfant va s’installer). L’auteur montre que l’incestuel peut aussi être un fonctionnement des grands-parents. |
| 520 ## - SUMMARY, ETC. | |
| Summary, etc. | In my mum’s bed or the wound of the incestuous Using the theory of the incestuous by Racamier and some clinical cases, the author deciphers the child who sleeps with his parents. She uses two new concepts such as the bed-argument (when parents oppose the sharing of the bed and whish it to stop) and the bed-cage (the parents accept it and even encourage it. The sharing of their bed with their children will perdure). The author shows how the incestuous can also be a functioning of the grandparents. |
| 786 0# - DATA SOURCE ENTRY | |
| Note | Imaginaire & Inconscient | 12 | 4 | 2003-11-01 | p. 105f-117f | 1628-9676 |
| 856 41 - ELECTRONIC LOCATION AND ACCESS | |
| Uniform Resource Identifier | <a href="https://shs.cairn.info/revue-imaginaire-et-inconscient-2003-4-page-105f?lang=fr&redirect-ssocas=7080">https://shs.cairn.info/revue-imaginaire-et-inconscient-2003-4-page-105f?lang=fr&redirect-ssocas=7080</a> |
Pas d'exemplaire disponible.




Réseaux sociaux